000 00746nam a2200205 i 4500
001 124823
003 ES-MaACL
005 20230906192514.0
007 t|
008 070420s1928 sp ||||1| spa d
245 0 3 _aEl seguro de maternidad
_b: anteproyecto y justificación de sus bases.
260 _aMadrid :
_b[s.n.],
_c1928 (
_fSobrinos de Suc. de M. Minuesa de los Ríos)
300 _a125 ;
_c21 cm.
490 1 _aPublicaciones del Instituto Nacional de Previsión ;
_v192
650 _aSubsidio de maternidad-
_zEspaña.
_917240
710 2 _aInstituto Nacional de Previsión (España)
_95180
830 1 _aPublicaciones del Instituto Nacional de Previsión ;
_v192
_9181151
852 _aES-MaACL
_jC-12650(6)
999 _c124823
_d124823